| 000 | 00677nam a22002537a 4500 | ||
|---|---|---|---|
| 003 | UA-OsUOA | ||
| 001 | 22398 | ||
| 007 | ta | ||
| 008 | 20031219b un ||||| |||| 00| 0 ukr d | ||
| 100 | _aОмельянчик В.И. | ||
| 090 |
_a141.132 _bО-57 |
||
| 942 | _cBK | ||
| 040 |
_aUA-OsUOA _brus _cUA-OsUOA _dUA-OsUOA |
||
| 245 | _aВозможность, структура, действия (Введение в модальный реализм) | ||
| 300 | _a210 с. | ||
| 955 | _a0 | ||
| 041 | _arus | ||
| 080 | _a141.132 | ||
| 020 | _a5-12-002263-4 | ||
| 260 |
_aКиев _bНаукова думка _c1991 |
||
| 044 | _aUA | ||
| 650 | 7 | _2UDC | |
| 999 |
_c308617 _d308617 |
||